<?xml version="1.0" encoding="UTF-8"?>
<collection xmlns:xsi="http://www.w3.org/2001/XMLSchema-instance" xsi:schemaLocation="http://www.loc.gov/MARC21/slim http://www.loc.gov/standards/marcxml/schema/MARC21slim.xsd" xmlns="http://www.loc.gov/MARC21/slim">
 <record>
  <leader>00000nam a22000004i 4500</leader>
  <controlfield tag="001">UP-8027390931316499594</controlfield>
  <controlfield tag="003">Buklod</controlfield>
  <controlfield tag="005">20251029162956.0</controlfield>
  <controlfield tag="006">m    |o  d |      </controlfield>
  <controlfield tag="007">cr |||||||||||</controlfield>
  <controlfield tag="008">251029s2020    nju   a r   b|||| u|eng d</controlfield>
  <datafield tag="020" ind1=" " ind2=" ">
   <subfield code="a">9781119666226 (paperback)</subfield>
  </datafield>
  <datafield tag="035" ind1=" " ind2=" ">
   <subfield code="a">(Buklod)UP-99796217612087206</subfield>
  </datafield>
  <datafield tag="037" ind1=" " ind2=" ">
   <subfield code="a">Econ-34681</subfield>
   <subfield code="b">Forefront</subfield>
  </datafield>
  <datafield tag="040" ind1=" " ind2=" ">
   <subfield code="a">DLC</subfield>
   <subfield code="d">DECON</subfield>
   <subfield code="e">rda</subfield>
  </datafield>
  <datafield tag="041" ind1=" " ind2=" ">
   <subfield code="a">eng</subfield>
  </datafield>
  <datafield tag="042" ind1=" " ind2=" ">
   <subfield code="a">DMLUC</subfield>
  </datafield>
  <datafield tag="090" ind1=" " ind2=" ">
   <subfield code="a">HB 172</subfield>
   <subfield code="b">B48 2020</subfield>
  </datafield>
  <datafield tag="100" ind1="1" ind2=" ">
   <subfield code="a">Besanko, David</subfield>
   <subfield code="d">1955-</subfield>
   <subfield code="e">author</subfield>
  </datafield>
  <datafield tag="245" ind1="1" ind2="0">
   <subfield code="a">Microeconomics</subfield>
   <subfield code="c">David A. Besanko, Ronald R. Braeutigam; with contributions from Michael J. Gibbs.</subfield>
  </datafield>
  <datafield tag="250" ind1=" " ind2=" ">
   <subfield code="a">Sixth edition</subfield>
   <subfield code="b">Asia edition.</subfield>
  </datafield>
  <datafield tag="264" ind1=" " ind2="1">
   <subfield code="a">Hoboken, NJ</subfield>
   <subfield code="b">Wiley</subfield>
   <subfield code="c">c2020.</subfield>
  </datafield>
  <datafield tag="300" ind1=" " ind2=" ">
   <subfield code="a">xxii, 772 pages</subfield>
   <subfield code="b">color illustrations</subfield>
   <subfield code="c">26 cm</subfield>
  </datafield>
  <datafield tag="336" ind1=" " ind2=" ">
   <subfield code="a">text</subfield>
   <subfield code="2">rdacontent</subfield>
  </datafield>
  <datafield tag="337" ind1=" " ind2=" ">
   <subfield code="a">unmediated</subfield>
   <subfield code="2">rdamedia</subfield>
  </datafield>
  <datafield tag="338" ind1=" " ind2=" ">
   <subfield code="a">volume</subfield>
   <subfield code="2">rdacarrier</subfield>
  </datafield>
  <datafield tag="504" ind1=" " ind2=" ">
   <subfield code="a">Includes index.</subfield>
  </datafield>
  <datafield tag="505" ind1="0" ind2="0">
   <subfield code="a">Contents: Part 1 - Introduction to microeconomics - - Chapter 1. Analyzing economic problems - - Chapter 2. Demand and supply analysis - - Part 2. Consumer theory - - Chapter 3. Consumer preferences and the concept of utility - - Chapter 4. Consumer choice - - Chapter 5. The theory of demand - - Part 3 - Production and cost theory - - Chapter 6. Inputs and production functions - - Chapter 7. Costs and cost minimization - - Chapter 8. Cost curves - - Part 4 - Perfect competition - - Chapter 9. Perfectly competitive markets - - Chapter 10. Competitive markets: applications - - Part 5 - Market power - - Chapter 11. Monopoly and monopsony - - Chapter 12. Capturing surplus - - Part 6 - Imperfect competition and strategic behavior - - Chapter 13. Market structure and competition - - Chapter 14. Game theory and strategic behavior - - Part 7 - Special topics - - Chapter 15. Risk and information - - Chapter 16. General equilibrium theory - - Chapter 17. Externalities and public goods.</subfield>
  </datafield>
  <datafield tag="650" ind1=" " ind2="0">
   <subfield code="a">Microeconomics.</subfield>
  </datafield>
  <datafield tag="700" ind1="1" ind2=" ">
   <subfield code="a">Braeutigam, Ronald R.</subfield>
   <subfield code="q">(Ronald Ray)</subfield>
   <subfield code="e">author.</subfield>
  </datafield>
  <datafield tag="700" ind1="1" ind2=" ">
   <subfield code="a">Gibbs, Michael J.</subfield>
   <subfield code="e">contributor.</subfield>
  </datafield>
  <datafield tag="842" ind1=" " ind2=" ">
   <subfield code="a">Book</subfield>
  </datafield>
  <datafield tag="905" ind1=" " ind2=" ">
   <subfield code="a">FO</subfield>
  </datafield>
  <datafield tag="852" ind1="0" ind2=" ">
   <subfield code="a">UPD</subfield>
   <subfield code="b">DECON</subfield>
   <subfield code="h">HB 172</subfield>
   <subfield code="i">B48 2020</subfield>
  </datafield>
  <datafield tag="942" ind1=" " ind2=" ">
   <subfield code="a">Book</subfield>
  </datafield>
 </record>
</collection>
